[Event "Norway Chess op"]
[Site "Stavanger"]
[Date "2023.05.31"]
[Round "7"]
[White "Blomqvist, Erik"]
[Black "Gungl, Theo"]
[Result "1/2-1/2"]
[WhiteElo "2521"]
[BlackElo "2370"]
[PlyCount "192"]
[EventDate "2023.05.27"]
[EventType "swiss"]
[EventRounds "10"]
[EventCountry "NOR"]
[SourceTitle "CBM 214 Extra"]
[Source "ChessBase"]
[SourceDate "2023.07.31"]
[SourceVersion "1"]
[SourceVersionDate "2023.07.31"]
[SourceQuality "1"]

1. Nf3 d5 2. g3 g6 3. Bg2 Bg7 4. d4 c6 5. 0-0 Nf6 6. c4 0-0 7. Nc3 b6 8. Qb3 Bb7 9. Rd1 Nbd7 10. cxd5 cxd5 11. Bf4 Rc8 12. Ne5 e6 13. Nb5 Nxe5 14. dxe5 Nd7 15. e4 dxe4 16. Qe3 Rc5 17. Nd6 Qc7 18. b4 Rd5 19. Rdc1 Qb8 20. Nxb7 Qxb7 21. Bxe4 Nxe5 22. Bxe5 Bxe5 23. Rab1 Rfd8 24. Qf3 Qa6 25. Bxd5 Rxd5 26. Rc2 Qa4 27. Qe4 Kg7 28. Kg2 h5 29. h4 a5 30. Qc4 Qb5 31. Qxb5 Rxb5 32. a3 Bd6 33. Rc6 Bf8 34. a4 Rxb4 35. Rxb4 Bxb4 36. Rxb6 Kf6 37. Rb7 e5 38. Kf3 Ke6 39. Rb6+ Kf5 40. Rb5 Ke6 41. Ke4 f5+ 42. Ke3 Bc3 43. Rb6+ Kf7 44. Ra6 Bb4 45. Rc6 Be1 46. Rc1 Bb4 47. f3 Ke6 48. Rc6+ Kf7 49. Kf2 Bd2 50. Rd6 Bb4 51. Ra6 Bc3 52. Kg2 Bb4 53. Rc6 e4 54. fxe4 fxe4 55. Rc4 e3 56. Rf4+ Kg7 57. Kf3 Bd2 58. Ke2 Kg8 59. Rf6 Kg7 60. Rf3 Bc1 61. Rxe3 Bxe3 62. Kxe3 Kf6 63. Kd4 Kf5 64. Kc5 Kg4 65. Kb5 Kxg3 66. Kxa5 Kxh4 67. Kb6 g5 68. a5 g4 69. a6 g3 70. a7 g2 71. a8Q g1Q+ 72. Kc7 Qg3+ 73. Kb6 Qb3+ 74. Kc7 Kg3 75. Qh1 Qf7+ 76. Kb8 Qf4+ 77. Ka7 Qf2+ 78. Kb8 h4 79. Qd5 h3 80. Qg5+ Kh2 81. Qd5 Qg2 82. Qd1 Qg3+ 83. Ka8 Kg2 84. Qe2+ Qf2 85. Qg4+ Kh2 86. Qd1 Qg1 87. Qd3 Qg2+ 88. Ka7 Kh1 89. Kb8 Qg8+ 90. Ka7 h2 91. Qf3+ Qg2 92. Qf5 Kg1 93. Qb1+ Qf1 94. Qg6+ Qg2 95. Qb1+ Qf1 96. Qg6+ Qg2 1/2-1/2

[Event "Norway Chess op"]
[Site "Stavanger"]
[Date "2023.05.29"]
[Round "4"]
[White "Kvaloy, Aksel Bu"]
[Black "Gungl, Theo"]
[Result "1/2-1/2"]
[WhiteElo "2321"]
[BlackElo "2370"]
[PlyCount "81"]
[EventDate "2023.05.27"]
[EventType "swiss"]
[EventRounds "10"]
[EventCountry "NOR"]
[SourceTitle "CBM 214 Extra"]
[Source "ChessBase"]
[SourceDate "2023.07.31"]
[SourceVersion "1"]
[SourceVersionDate "2023.07.31"]
[SourceQuality "1"]

1. d4 d5 2. c4 c6 3. cxd5 cxd5 4. Bf4 Nf6 5. Nc3 Nc6 6. e3 a6 7. Be2 e6 8. Bd3 Be7 9. Rc1 Bd7 10. Nf3 0-0 11. h3 Qa5 12. 0-0 Rfc8 13. a3 b5 14. Ne5 Be8 15. Bg5 h6 16. Bh4 b4 17. axb4 Qxb4 18. Nxc6 Rxc6 19. Qe2 Rb6 20. Rc2 a5 21. f4 a4 22. f5 a3 23. bxa3 Rxa3 24. Rfc1 Qd6 25. fxe6 Qxe6 26. Qf3 Bd7 27. Bf1 g5 28. Bg3 Qf5 29. Qd1 Bd6 30. Bxd6 Rxd6 31. Rf2 Qe6 32. Qf3 Rc6 33. Rfc2 Kg7 34. Kh1 Qf5 35. Qd1 Raxc3 36. Rxc3 Rxc3 37. Rxc3 Ne4 38. Rc2 Ba4 39. Kg1 Nc3 40. Qd3 Bxc2 41. Qxc3 1/2-1/2

[Event "Norway Chess op"]
[Site "Stavanger"]
[Date "2023.05.27"]
[Round "1"]
[White "Gungl, Theo"]
[Black "Eliseev, Sergey1111"]
[Result "1-0"]
[WhiteElo "2370"]
[BlackElo "1970"]
[PlyCount "49"]
[EventDate "2023.05.27"]
[EventType "swiss"]
[EventRounds "10"]
[EventCountry "NOR"]
[SourceTitle "CBM 214 Extra"]
[Source "ChessBase"]
[SourceDate "2023.07.31"]
[SourceVersion "1"]
[SourceVersionDate "2023.07.31"]
[SourceQuality "1"]

1. d4 d5 2. c4 c6 3. Nc3 Nf6 4. Nf3 dxc4 5. a4 Bf5 6. Nh4 Bd7 7. e4 e6 8. Nf3 Bb4 9. Bxc4 Nxe4 10. 0-0 Nxc3 11. bxc3 Bxc3 12. Rb1 Bc8 13. Ba3 Nd7 14. Qb3 Qa5 15. Bxe6 Ne5 16. Nxe5 fxe6 17. Nc4 Qa6 18. Qxc3 Qxa4 19. Nd6+ Kd7 20. Nxb7 Bxb7 21. Rxb7+ Kc8 22. Rxg7 Rd8 23. Qg3 Qa5 24. Qb3 Qd5 25. Qb7# 1-0

[Event "Bundesliga 2223"]
[Site "Germany"]
[Date "2023.04.01"]
[Round "12.6"]
[White "Kollars, Dmitrij"]
[Black "Gungl, Theo"]
[Result "1-0"]
[WhiteElo "2612"]
[BlackElo "2352"]
[PlyCount "77"]
[EventDate "2022.10.21"]
[EventType "team-tourn"]
[EventRounds "15"]
[EventCountry "GER"]
[SourceTitle "CBM 213 Extra"]
[Source "ChessBase"]
[SourceDate "2023.05.31"]
[SourceVersion "1"]
[SourceVersionDate "2023.05.31"]
[SourceQuality "1"]
[WhiteTeam "Deizisau"]
[BlackTeam "Muelheim Nord"]
[WhiteTeamCountry "GER"]
[BlackTeamCountry "GER"]

1. e4 c5 2. Nf3 d6 3. d4 cxd4 4. Nxd4 Nf6 5. Nc3 a6 6. Be2 e6 7. Be3 Qc7 8. Qd2 b5 9. a3 Bb7 10. f3 Nbd7 11. 0-0-0 d5 12. exd5 Bxd5 13. Bf4 Qb6 14. Rhe1 b4 15. Nxd5 Nxd5 16. a4 0-0-0 17. Bg5 N7f6 18. Qd3 Kb7 19. f4 Bc5 20. a5 Qd6 21. g3 Rc8 22. Bf3 Rhd8 23. Bxf6 gxf6 24. Qxh7 Bxd4 25. Rxd4 Qc5 26. Bxd5+ exd5 27. Qd3 Qxa5 28. Kb1 Qc5 29. Rd1 Rc6 30. Qb3 a5 31. c3 Rb6 32. Rxd5 Rxd5 33. Rxd5 Qe7 34. cxb4 axb4 35. Rd1 f5 36. Qd5+ Ka6 37. Qa8+ Kb5 38. Rd5+ Kc4 39. b3+ 1-0

[Event "Bundesliga 2223"]
[Site "Germany"]
[Date "2023.03.18"]
[Round "10.2"]
[White "Gungl, Theo"]
[Black "Krassowizkij, Jaroslaw"]
[Result "1/2-1/2"]
[WhiteElo "2352"]
[BlackElo "2439"]
[PlyCount "48"]
[EventDate "2022.10.21"]
[EventType "team-tourn"]
[EventRounds "15"]
[EventCountry "GER"]
[SourceTitle "CBM 213 Extra"]
[Source "ChessBase"]
[SourceDate "2023.05.31"]
[SourceVersion "1"]
[SourceVersionDate "2023.05.31"]
[SourceQuality "1"]
[WhiteTeam "Muelheim Nord"]
[BlackTeam "Schoenaich"]
[WhiteTeamCountry "GER"]
[BlackTeamCountry "GER"]

1. d4 d5 2. c4 e6 3. Nc3 Nf6 4. cxd5 Nxd5 5. e4 Nxc3 6. bxc3 c5 7. a3 cxd4 8. cxd4 e5 9. Nf3 exd4 10. Qxd4 Qxd4 11. Nxd4 Bc5 12. Bb2 0-0 13. Bc4 Bd7 14. Rc1 Bb6 15. Bd5 Nc6 16. Nxc6 bxc6 17. Bxc6 Rad8 18. Ke2 Bxc6 19. Rxc6 Bxf2 20. Bxg7 Kxg7 21. Kxf2 Rd2+ 22. Ke3 Rfd8 23. Rc3 Rxg2 24. Rc7 Rdd2 1/2-1/2

[Event "Bundesliga 2223"]
[Site "Germany"]
[Date "2023.02.05"]
[Round "6.7"]
[White "Gungl, Theo"]
[Black "Cyborowski, Lukasz"]
[Result "1/2-1/2"]
[WhiteElo "2352"]
[BlackElo "2490"]
[PlyCount "39"]
[EventDate "2022.10.21"]
[EventType "team-tourn"]
[EventRounds "15"]
[EventCountry "GER"]
[SourceTitle "CBM 212 Extra"]
[Source "ChessBase"]
[SourceDate "2023.03.31"]
[SourceVersion "1"]
[SourceVersionDate "2023.03.31"]
[SourceQuality "1"]
[WhiteTeam "Muelheim Nord"]
[BlackTeam "Remagen Sinzig"]
[WhiteTeamCountry "GER"]
[BlackTeamCountry "GER"]

1. d4 d5 2. c4 e6 3. Nc3 Nf6 4. Nf3 Be7 5. Bf4 0-0 6. e3 b6 7. cxd5 Nxd5 8. Nxd5 exd5 9. Bd3 c5 10. 0-0 c4 11. Bc2 Nc6 12. Ne5 Nxe5 13. Bxe5 f6 14. Qh5 g6 15. Bxg6 hxg6 16. Qxg6+ Kh8 17. Qh6+ Kg8 18. Qg6+ Kh8 19. Qh6+ Kg8 20. Qg6+ 1/2-1/2

[Event "Bundesliga 2223"]
[Site "Germany"]
[Date "2023.02.04"]
[Round "5.8"]
[White "Amin, Bassem"]
[Black "Gungl, Theo"]
[Result "1-0"]
[WhiteElo "2667"]
[BlackElo "2352"]
[PlyCount "89"]
[EventDate "2022.10.21"]
[EventType "team-tourn"]
[EventRounds "15"]
[EventCountry "GER"]
[SourceTitle "CBM 212 Extra"]
[Source "ChessBase"]
[SourceDate "2023.03.31"]
[SourceVersion "1"]
[SourceVersionDate "2023.03.31"]
[SourceQuality "1"]
[WhiteTeam "Viernheim"]
[BlackTeam "Muelheim Nord"]
[WhiteTeamCountry "GER"]
[BlackTeamCountry "GER"]

1. e4 c5 2. Nf3 d6 3. d4 cxd4 4. Nxd4 Nf6 5. Nc3 a6 6. Be2 e6 7. f4 Qc7 8. Bf3 Nc6 9. Be3 Be7 10. g4 Nxd4 11. Qxd4 e5 12. Qd3 Bxg4 13. Bxg4 Nxg4 14. 0-0-0 Rc8 15. f5 b5 16. Kb1 Qc4 17. Rhg1 Qxd3 18. Rxd3 Nf6 19. Bg5 b4 20. Bxf6 bxc3 21. Bxg7 Rg8 22. Rdg3 Bh4 23. Rg4 Bf2 24. Rf1 Bd4 25. Rg3 Kd7 26. b3 a5 27. a4 Rb8 28. Rd1 h5 29. Rdd3 h4 30. Rg4 Rb4 31. f6 Rc8 32. Kc1 Bf2 33. Kd1 Ke6 34. Ke2 Rd4 35. Rxd4 Bxd4 36. Rxh4 d5 37. Kd3 Bf2 38. exd5+ Kxd5 39. Rc4 Rxc4 40. bxc4+ Ke6 41. Ke4 Bh4 42. c5 Bf2 43. c6 Kd6 44. Bf8+ Kxc6 45. Kxe5 1-0

[Event "Budapest SixDays 09 GM"]
[Site "Budapest"]
[Date "2022.09.18"]
[Round "5"]
[White "Horvath, Adam"]
[Black "Gungl, Theo"]
[Result "1/2-1/2"]
[WhiteElo "2504"]
[BlackElo "2352"]
[PlyCount "136"]
[EventDate "2022.09.15"]
[EventType "tourn"]
[EventRounds "9"]
[EventCountry "HUN"]
[EventCategory "8"]
[SourceTitle "CBM 210 Extra"]
[Source "ChessBase"]
[SourceDate "2022.11.30"]
[SourceVersion "1"]
[SourceVersionDate "2022.11.30"]
[SourceQuality "1"]

1. e4 c5 2. Nf3 d6 3. d4 cxd4 4. Nxd4 Nf6 5. Nc3 a6 6. Be3 e6 7. f3 b5 8. Qd2 Bb7 9. g4 Nfd7 10. 0-0-0 Nb6 11. Nb3 N8d7 12. Na5 Qc7 13. h4 b4 14. Ne2 d5 15. Nxb7 Qxb7 16. exd5 Nxd5 17. Bd4 Rc8 18. Bg2 Bc5 19. f4 0-0 20. f5 Qb6 21. fxe6 fxe6 22. Bxd5 exd5 23. Bxc5 Rxc5 24. Nd4 Nf6 25. Rhf1 Rfc8 26. Qf4 Qb7 27. Kb1 Ne4 28. Qe5 Kh8 29. Nb3 Rxc2 30. Rxd5 Re2 31. Qd4 Nf6 32. Rc5 Rce8 33. g5 Qe4+ 34. Qxe4 Nxe4 35. Ra5 Nd6 36. Rc1 Rh2 37. Rxa6 Nf5 38. Re6 Rf8 39. Re4 Rxh4 40. Rxh4 Nxh4 41. Rc4 Nf3 42. Rxb4 Nxg5 43. a4 Nf3 44. a5 h5 45. a6 Ra8 46. Nc5 g5 47. Rb7 g4 48. a7 Rxa7 49. Rxa7 g3 50. Ra8+ Kh7 51. Ne4 g2 52. Nf6+ Kh6 53. Rh8+ Kg7 54. Rg8+ Kxf6 55. Rxg2 Ke5 56. Rg8 h4 57. Rh8 Kf4 58. b4 Kg3 59. b5 h3 60. b6 Ne5 61. b7 Nc6 62. Kc2 h2 63. Kd3 Kg2 64. Rg8+ Kf2 65. Rf8+ Kg2 66. Rg8+ Kf2 67. Rh8 Kg2 68. Rxh2+ Kxh2 1/2-1/2

[Event "Budapest SixDays 09 GM"]
[Site "Budapest"]
[Date "2022.09.16"]
[Round "2"]
[White "Gungl, Theo"]
[Black "Hacker, Jonas"]
[Result "1/2-1/2"]
[WhiteElo "2352"]
[BlackElo "2458"]
[PlyCount "51"]
[EventDate "2022.09.15"]
[EventType "tourn"]
[EventRounds "9"]
[EventCountry "HUN"]
[EventCategory "8"]
[SourceTitle "CBM 210 Extra"]
[Source "ChessBase"]
[SourceDate "2022.11.30"]
[SourceVersion "1"]
[SourceVersionDate "2022.11.30"]
[SourceQuality "1"]

1. d4 Nf6 2. c4 e6 3. Nc3 Bb4 4. e3 0-0 5. Bd2 c5 6. a3 Bxc3 7. Bxc3 Ne4 8. Ne2 b6 9. d5 Ba6 10. b3 b5 11. Qd3 Nxc3 12. Nxc3 bxc4 13. bxc4 exd5 14. Nxd5 Nc6 15. Be2 Qa5+ 16. Qc3 Rab8 17. 0-0 Qxc3 18. Nxc3 Na5 19. Rfd1 Rfd8 20. Ne4 d5 21. Nxc5 Bxc4 22. Bf3 Rbc8 23. Nd3 Bb3 24. Re1 Nc4 25. Nc1 Ba4 26. Ne2 1/2-1/2

[Event "Budapest SixDays 09 GM"]
[Site "Budapest"]
[Date "2022.09.15"]
[Round "1"]
[White "Song, Raymond"]
[Black "Gungl, Theo"]
[Result "1-0"]
[WhiteElo "2478"]
[BlackElo "2352"]
[PlyCount "85"]
[EventDate "2022.09.15"]
[EventType "tourn"]
[EventRounds "9"]
[EventCountry "HUN"]
[EventCategory "8"]
[SourceTitle "CBM 210 Extra"]
[Source "ChessBase"]
[SourceDate "2022.11.30"]
[SourceVersion "1"]
[SourceVersionDate "2022.11.30"]
[SourceQuality "1"]

1. e4 c5 2. Nf3 d6 3. d4 cxd4 4. Nxd4 Nf6 5. Nc3 a6 6. Be3 e6 7. a3 b5 8. g4 Bb7 9. Bg2 Qc7 10. Qe2 Nc6 11. 0-0-0 Be7 12. g5 Nd7 13. f4 0-0 14. Nxc6 Qxc6 15. f5 Rfe8 16. Rhf1 Ne5 17. f6 Bf8 18. fxg7 Bxg7 19. Bd4 Re7 20. h4 Qc4 21. Qxc4 Nxc4 22. Bxg7 Kxg7 23. Rd3 Rc7 24. Ne2 Rac8 25. Nf4 Kg8 26. Rf2 Rc5 27. Kb1 a5 28. Nh5 Ba6 29. Bf1 Kf8 30. Rd1 Ke7 31. Bxc4 Rxc4 32. Rdf1 Rf8 33. Nf6 b4 34. Rf3 bxa3 35. Rxa3 a4 36. Rff3 Bb7 37. Rfc3 Rfc8 38. Rxc4 Rxc4 39. Re3 h6 40. Ng8+ Kf8 41. Nxh6 Bxe4 42. Re2 Bg6 43. Rh2 1-0

[Event "GER-ch 93rd"]
[Site "Magdeburg"]
[Date "2022.08.17"]
[Round "5"]
[White "Gungl, Theo"]
[Black "Malek, Daniel"]
[Result "1-0"]
[WhiteElo "2366"]
[BlackElo "2365"]
[PlyCount "77"]
[EventDate "2022.08.14"]
[EventType "swiss"]
[EventRounds "9"]
[EventCountry "GER"]
[SourceTitle "CBM 209 Extra"]
[Source "ChessBase"]
[SourceDate "2022.09.30"]
[SourceVersion "1"]
[SourceVersionDate "2022.09.30"]
[SourceQuality "1"]

1. d4 Nf6 2. c4 e6 3. Nc3 Bb4 4. e3 0-0 5. Bd2 d5 6. Nf3 b6 7. cxd5 exd5 8. Bd3 Bd6 9. Rc1 c5 10. 0-0 Bb7 11. Nb5 Be7 12. Ne5 Nc6 13. Nxc6 Bxc6 14. dxc5 bxc5 15. Nd4 Bd7 16. Nf5 Bxf5 17. Bxf5 Qb6 18. Bc3 Rfd8 19. Qa4 a5 20. Rfd1 g6 21. Bh3 Ra7 22. g3 Ne4 23. Bg2 f5 24. Rc2 Kf7 25. Bxe4 fxe4 26. Rcd2 Qb7 27. Rxd5 Qxd5 28. Rxd5 Rxd5 29. Qxe4 Rdd7 30. Qe5 Bf8 31. Qf6+ Ke8 32. Qe6+ Be7 33. a4 Rd6 34. Qc8+ Rd8 35. Qc6+ Kf7 36. Qb6 Rdd7 37. Qb3+ Kf8 38. Qb8+ Kf7 39. Qh8 1-0

[Event "Novi Sad TS GM Mix 271st"]
[Site "Novi Sad"]
[Date "2022.06.08"]
[Round "4"]
[White "Gungl, Theo"]
[Black "Woodward, Andy"]
[Result "0-1"]
[WhiteElo "2387"]
[BlackElo "2389"]
[PlyCount "66"]
[EventDate "2022.06.06"]
[EventType "tourn"]
[EventRounds "9"]
[EventCountry "SRB"]
[EventCategory "6"]
[SourceTitle "CBM 208 Extra"]
[Source "ChessBase"]
[SourceDate "2022.07.31"]
[SourceVersion "1"]
[SourceVersionDate "2022.07.31"]
[SourceQuality "1"]

1. e4 c5 2. Nf3 d6 3. d4 cxd4 4. Nxd4 Nf6 5. Nc3 a6 6. Bg5 e6 7. f4 Be7 8. Qf3 Qc7 9. 0-0-0 Nbd7 10. Bd3 b5 11. Rhe1 Bb7 12. g4 b4 13. Nce2 h6 14. Bxf6 Bxf6 15. f5 Ne5 16. Qg3 Qe7 17. Nf3 g5 18. Ned4 h5 19. h3 0-0-0 20. Qg1 Kb8 21. Nxe5 Bxe5 22. Nf3 hxg4 23. hxg4 Bf4+ 24. Kb1 Qc7 25. fxe6 fxe6 26. Qd4 a5 27. Qf6 Rde8 28. Bb5 Rhf8 29. Qg6 Rc8 30. Ba4 Bg3 31. Re3 Qc5 32. Nd4 Qxd4 33. Red3 Bxe4 0-1

[Event "Novi Sad TS GM Mix 271st"]
[Site "Novi Sad"]
[Date "2022.06.06"]
[Round "1"]
[White "Cabarkapa, Novak"]
[Black "Gungl, Theo"]
[Result "1-0"]
[WhiteElo "2466"]
[BlackElo "2387"]
[PlyCount "105"]
[EventDate "2022.06.06"]
[EventType "tourn"]
[EventRounds "9"]
[EventCountry "SRB"]
[EventCategory "6"]
[SourceTitle "CBM 208 Extra"]
[Source "ChessBase"]
[SourceDate "2022.07.31"]
[SourceVersion "1"]
[SourceVersionDate "2022.07.31"]
[SourceQuality "1"]

1. e4 c5 2. Nc3 d6 3. f4 Nc6 4. Nf3 g6 5. Bb5 Bd7 6. 0-0 Bg7 7. a4 e6 8. d3 Nge7 9. f5 exf5 10. Bf4 Ne5 11. Bg5 f6 12. Bh4 0-0 13. Nxe5 dxe5 14. Bf2 b6 15. Bc4+ Kh8 16. a5 Bc6 17. Qe2 Qd7 18. axb6 axb6 19. b4 cxb4 20. Na2 fxe4 21. dxe4 Qb7 22. Nxb4 Rxa1 23. Rxa1 Bxe4 24. Ba6 Qa8 25. Bxb6 Nd5 26. Qxe4 Nxb6 27. Qe3 Rb8 28. Qe1 Bf8 29. Be2 Qe4 30. Nd3 Nd5 31. Kh1 Ne3 32. Qf2 Nxc2 33. Qxf6+ Bg7 34. Qd6 Rf8 35. Rf1 Rxf1+ 36. Bxf1 h5 37. Kg1 Nd4 38. Qa6 Bh6 39. Qf6+ Bg7 40. Qa6 Kh7 41. Nf2 Qe1 42. Qd3 Bh6 43. Ne4 Be3+ 44. Kh1 Nf5 45. g3 Bd4 46. Qf3 Kg7 47. Qe2 Qc1 48. Qf3 Ba7 49. h3 Qb1 50. Kh2 Qb6 51. h4 Ne3 52. Ng5 Qc7 53. Ne6+ 1-0

[Event "BL2-Nord 2122"]
[Site "Germany"]
[Date "2022.05.15"]
[Round "6.1"]
[White "Barski, Radoslaw"]
[Black "Gungl, Theo"]
[Result "1-0"]
[WhiteElo "2434"]
[BlackElo "2393"]
[PlyCount "85"]
[EventDate "2022.03.05"]
[EventType "team-tourn"]
[EventRounds "10"]
[EventCountry "GER"]
[SourceTitle "EXT 2023"]
[Source "ChessBase"]
[SourceDate "2022.10.05"]
[SourceVersion "1"]
[SourceVersionDate "2022.10.05"]
[SourceQuality "1"]
[WhiteTeam "Norderstedt"]
[BlackTeam "Magdeburg"]
[WhiteTeamCountry "GER"]
[BlackTeamCountry "GER"]

1. e4 c5 2. Nc3 d6 3. d4 cxd4 4. Qxd4 Nc6 5. Qd2 Nf6 6. b3 a6 7. Bb2 e6 8. 0-0-0 b5 9. Bd3 Bb7 10. f4 Qa5 11. g4 0-0-0 12. g5 Nd7 13. Nf3 Nc5 14. Kb1 Kb8 15. Qe3 Rc8 16. Bf1 Nb4 17. Nd2 d5 18. a3 Nxc2 19. Kxc2 Nxe4 20. Ndxe4 dxe4 21. b4 Qc7 22. Kb1 Bd6 23. Rxd6 Qxd6 24. Be2 Ka8 25. Rd1 Qc6 26. Rc1 Qd7 27. Nxe4 Rxc1+ 28. Kxc1 Qd5 29. Nc5 Qh1+ 30. Kc2 Rc8 31. Bc3 Bd5 32. Kb2 Qxh2 33. Be1 Rc6 34. Bf2 Kb8 35. a4 Kc8 36. axb5 axb5 37. Bxb5 Rb6 38. Ba6+ Kd8 39. b5 Ke7 40. Nd3 Rd6 41. Ne5 Qg2 42. Qa7+ Bb7 43. Kc3 1-0

[Event "BL2-Nord 2122"]
[Site "Germany"]
[Date "2022.05.01"]
[Round "4.1"]
[White "Sawlin, Leonid"]
[Black "Gungl, Theo"]
[Result "0-1"]
[WhiteElo "2405"]
[BlackElo "2393"]
[PlyCount "74"]
[EventDate "2022.03.05"]
[EventType "team-tourn"]
[EventRounds "10"]
[EventCountry "GER"]
[SourceTitle "EXT 2023"]
[Source "ChessBase"]
[SourceDate "2022.10.05"]
[SourceVersion "1"]
[SourceVersionDate "2022.10.05"]
[SourceQuality "1"]
[WhiteTeam "Zehlendorf"]
[BlackTeam "Magdeburg"]
[WhiteTeamCountry "GER"]
[BlackTeamCountry "GER"]

1. e4 c5 2. Nf3 d6 3. d4 cxd4 4. Nxd4 Nf6 5. Nc3 a6 6. Bg5 Nbd7 7. Bc4 Qb6 8. Qd2 Qxb2 9. Rb1 Qa3 10. 0-0 e6 11. Bd5 Be7 12. Bxe6 fxe6 13. Nxe6 Kf7 14. Nc7 Rb8 15. N3d5 Qc5 16. Rb3 Qc6 17. Rc3 Nc5 18. Nxe7 Qxc7 19. Bxf6 gxf6 20. Nd5 Qd8 21. Qh6 Rg8 22. Rg3 Be6 23. Qxh7+ Kf8 24. Nf4 Rxg3 25. fxg3 Bf7 26. g4 Qb6 27. Qh8+ Ke7 28. Nd5+ Bxd5 29. Qxf6+ Kd7 30. Qg7+ Kc6 31. exd5+ Kxd5 32. Qf7+ Kc6 33. Qf3+ Ne4+ 34. Kh1 Re8 35. g5 d5 36. h4 Qd4 37. Qf4 Rf8 0-1

[Event "Arandjelovac ASK-12 GM"]
[Site "Arandjelovac"]
[Date "2022.03.15"]
[Round "3"]
[White "Nandhidhaa, PV."]
[Black "Gungl, Theo"]
[Result "1/2-1/2"]
[WhiteElo "2380"]
[BlackElo "2381"]
[PlyCount "60"]
[EventDate "2022.03.14"]
[EventType "tourn"]
[EventRounds "11"]
[EventCountry "SRB"]
[EventCategory "5"]
[SourceTitle "CBM 207 Extra"]
[Source "ChessBase"]
[SourceDate "2022.05.31"]
[SourceVersion "1"]
[SourceVersionDate "2022.05.31"]
[SourceQuality "1"]

1. e4 c5 2. Nf3 d6 3. d4 cxd4 4. Nxd4 Nf6 5. Nc3 a6 6. h3 e6 7. g4 Nfd7 8. Be3 Nc6 9. Bg2 Nde5 10. Qe2 Bd7 11. Nxc6 Nxc6 12. 0-0-0 Be7 13. f4 Qa5 14. Qf2 Qc7 15. Bb6 Qc8 16. Kb1 0-0 17. h4 Be8 18. g5 f6 19. Qe3 Bh5 20. Rdg1 Bg4 21. Bh3 Bxh3 22. Rxh3 f5 23. Rh2 Qd7 24. Re2 Rae8 25. Qd2 fxe4 26. Nxe4 d5 27. Nc5 Bxc5 28. Bxc5 Rf5 29. Rge1 Qf7 30. Bd6 Qd7 1/2-1/2

[Event "Marianske Lazne GM-A1 20th"]
[Site "Marianske Lazne"]
[Date "2022.01.20"]
[Round "7"]
[White "Gungl, Theo"]
[Black "Simacek, Pavel"]
[Result "0-1"]
[WhiteElo "2368"]
[BlackElo "2440"]
[PlyCount "80"]
[EventDate "2022.01.15"]
[EventType "tourn"]
[EventRounds "9"]
[EventCountry "CZE"]
[EventCategory "7"]
[SourceTitle "CBM 206 Extra"]
[Source "ChessBase"]
[SourceDate "2022.03.31"]
[SourceVersion "1"]
[SourceVersionDate "2022.03.31"]
[SourceQuality "1"]

1. d4 d5 2. c4 e6 3. Nc3 c6 4. e4 dxe4 5. Nxe4 Bb4+ 6. Bd2 Qxd4 7. Bxb4 Qxe4+ 8. Be2 Na6 9. Ba5 b6 10. Qd6 Bd7 11. Bc3 f6 12. Nf3 Ne7 13. 0-0-0 Qxe2 14. Qxd7+ Kf7 15. Qd4 Rhd8 16. Qg4 Kf8 17. Rde1 Qd3 18. Qxe6 Qd7 19. Nd4 c5 20. Nb5 Nc7 21. Nxc7 Qxc7 22. Bxf6 Re8 23. Be5 Qc8 24. Qd6 Qg4 25. Re3 Rad8 26. Bxg7+ Qxg7 27. Qe6 Qg5 28. h4 Qf4 29. g3 Qd6 30. Qg4 Ng6 31. Rxe8+ Rxe8 32. h5 Ne5 33. Qf5+ Kg8 34. Rd1 Qe6 35. Qg5+ Kh8 36. b3 Nf7 37. Qf4 Qe5 38. Qxf7 Qa1+ 39. Kd2 Qb2+ 40. Kd3 Qd4+ 0-1

[Event "Marianske Lazne GM-A1 20th"]
[Site "Marianske Lazne"]
[Date "2022.01.18"]
[Round "5"]
[White "Gungl, Theo"]
[Black "Stalmach, Richard"]
[Result "1-0"]
[WhiteElo "2368"]
[BlackElo "2308"]
[PlyCount "71"]
[EventDate "2022.01.15"]
[EventType "tourn"]
[EventRounds "9"]
[EventCountry "CZE"]
[EventCategory "7"]
[SourceTitle "CBM 206 Extra"]
[Source "ChessBase"]
[SourceDate "2022.03.31"]
[SourceVersion "1"]
[SourceVersionDate "2022.03.31"]
[SourceQuality "1"]

1. d4 Nf6 2. c4 g6 3. Nc3 Bg7 4. Nf3 0-0 5. g3 d6 6. Bg2 Nc6 7. 0-0 a6 8. h3 Rb8 9. a4 e5 10. d5 Na5 11. Nd2 c5 12. dxc6 bxc6 13. Rb1 Be6 14. b4 Nxc4 15. Nxc4 Bxc4 16. Bxc6 d5 17. Bg5 Qd6 18. b5 Rfd8 19. Qc2 Qe6 20. Rfd1 axb5 21. axb5 Rdc8 22. Qa4 d4 23. Bxf6 Bxf6 24. Ne4 Bxe2 25. Re1 Be7 26. Qa7 d3 27. Bd7 Qd5 28. Bxc8 Rxc8 29. b6 Qd8 30. b7 Rb8 31. Rec1 Kg7 32. Qxb8 Qxb8 33. Rc8 Qa7 34. b8Q Qd4 35. Qb7 Ba3 36. Rc7 1-0

[Event "Marianske Lazne GM-A1 20th"]
[Site "Marianske Lazne"]
[Date "2022.01.16"]
[Round "2"]
[White "Plat, Vojtech"]
[Black "Gungl, Theo"]
[Result "1-0"]
[WhiteElo "2548"]
[BlackElo "2368"]
[PlyCount "143"]
[EventDate "2022.01.15"]
[EventType "tourn"]
[EventRounds "9"]
[EventCountry "CZE"]
[EventCategory "7"]
[SourceTitle "CBM 206 Extra"]
[Source "ChessBase"]
[SourceDate "2022.03.31"]
[SourceVersion "1"]
[SourceVersionDate "2022.03.31"]
[SourceQuality "1"]

1. d4 d5 2. c4 c6 3. Nc3 Nf6 4. cxd5 cxd5 5. Bf4 Nc6 6. e3 Bf5 7. Qb3 Na5 8. Qa4+ Bd7 9. Qc2 Rc8 10. Bd3 e6 11. Nf3 Be7 12. Ne5 b5 13. Nxd7 Qxd7 14. Qe2 Nc4 15. 0-0 a6 16. a4 b4 17. Nb1 0-0 18. b3 Na5 19. Nd2 Rc3 20. Rfb1 Qa7 21. Be5 Ra8 22. Rb2 Qb6 23. Rd1 Nb7 24. Nb1 Rc6 25. Rc2 Rac8 26. Rxc6 Rxc6 27. Nd2 Nd6 28. f3 Nd7 29. Bg3 a5 30. Bf2 Qc7 31. e4 Nb6 32. e5 Ndc8 33. f4 Rc1 34. g4 Nd7 35. Kg2 Nf8 36. Nf3 Na7 37. f5 Rxd1 38. Qxd1 Qc3 39. Be1 Qc8 40. Bb1 Bd8 41. Ng1 Nc6 42. Ne2 Qa6 43. Bf2 Qb6 44. Qd3 Qb7 45. h4 Qb6 46. Nf4 Ne7 47. Qf3 Qc6 48. h5 Qc1 49. Bd3 Nc6 50. fxe6 Nxe6 51. Nxd5 Qd2 52. Qe4 g6 53. Nf6+ Bxf6 54. exf6 Ncxd4 55. Qa8+ Nf8 56. Bc4 Qf4 57. Bxf7+ Kxf7 58. Qa7+ Kxf6 59. Qxd4+ Qxd4 60. Bxd4+ Kg5 61. Bb6 gxh5 62. gxh5 Nd7 63. Bxa5 Nc5 64. Bxb4 Nxb3 65. Kf3 Nd4+ 66. Ke4 Nc6 67. Bd2+ Kxh5 68. Kd5 Na7 69. Be3 Nc8 70. Bc5 Kg4 71. Kc6 h5 72. Kb7 1-0